000 00391nam a22001697a 4500
003 MPLRDC
005 20220104124853.0
008 210129b ||||| |||| 00| 0 eng d
082 _a868.71 CZM
100 _a陈钟铭编
245 _a青青子衿
_c
250 _a第一版
260 _a
_b文采出版社
_c1989
300 _b
650 _a马华文学
942 _cBK
_o868.71 CZM
999 _c22824
_d22814